000 00820nam a2200253 a 4500
001 000040487
003 DO-SdBNP
005 20220713104439.0
008 130826s2006 dr r 000 0 spa d
040 _aDO-SdBNP
_bspa
_cBNPHU
082 4 _aP869.5
_bM827e
_222
100 1 _aMorais, Manuel Sebastião,
_d1947-
_9694
245 1 0 _aEntre Dios y hombres /
_cManuel Sebastião Morais.
260 _aSanto Domingo :
_bCumbre,
_c2006.
300 _a229 p. ;
_c21cm.
590 _aInventariado, 2019/BT
650 4 _aNovela autobiográfica portuguesa
_9695
650 4 _aPederastia
_9696
650 4 _aDelitos sexuales
_9697
650 4 _aAbuso sexual de menores
_zPortugal
_9698
650 4 _aIglesia católica
_xClero
_xConducta sexual
_zPortugal
_966793
910 _aValidado. Control de calidad MFF
942 _2ddc
_cLBS1
999 _c39977
_d39977